Primeros poemas / (Record no. 5714)
[ view plain ]
| 000 -CABECERA | |
|---|---|
| campo de control de longitud fija | 00860cam a2200241 a 4500 |
| 001 - NÚMERO DE CONTROL | |
| campo de control | 000005918 |
| 005 - FECHA Y HORA DE LA ÚLTIMA TRANSACCIÓN | |
| campo de control | 20200929151835.0 |
| 008 - DATOS DE LONGITUD FIJA--INFORMACIÓN GENERAL | |
| campo de control de longitud fija | 900124s1983 sp 001 p spa |
| 020 ## - NÚMERO INTERNACIONAL ESTÁNDAR DEL LIBRO | |
| Número Internacional Estándar del Libro | 8400055640 |
| 040 ## - FUENTE DE LA CATALOGACIÓN | |
| Centro catalogador/agencia de origen | DO-SdBNP |
| Centro/agencia transcriptor | DLC |
| 082 ## - NÚMERO DE LA CLASIFICACIÓN DECIMAL DEWEY | |
| Número de clasificación | 861.64 |
| Número de documento/Ítem | H816p |
| 100 1# - ENTRADA PRINCIPAL--NOMBRE DE PERSONA | |
| Nombre de persona | Horno Delgado, Asunción, |
| Fechas asociadas al nombre | 1956- |
| 9 (RLIN) | 16696 |
| 245 10 - MENCIÓN DE TÍTULO | |
| Título | Primeros poemas / |
| Mención de responsabilidad, etc. | Asunción Horno Delgado. |
| 260 ## - PUBLICACIÓN, DISTRIBUCIÓN, ETC. | |
| Lugar de publicación, distribución, etc. | Zaragoza, España : |
| Nombre del editor, distribuidor, etc. | Institución "Fernando el Católico", |
| Fecha de publicación, distribución, etc. | 1983. |
| 300 ## - DESCRIPCIÓN FÍSICA | |
| Extensión | 75 p. ; |
| Dimensiones | 25 cm. |
| 490 1# - MENCIÓN DE SERIE | |
| Mención de serie | San Jorge |
| Designación de volumen o secuencia | vol. 38 |
| 490 1# - MENCIÓN DE SERIE | |
| Mención de serie | Publicación de la Institución "Fernando el Católico" |
| Designación de volumen o secuencia | no. 952 |
| 650 #4 - PUNTO DE ACCESO ADICIONAL DE MATERIA--TÉRMINO DE MATERIA | |
| Término de materia o nombre geográfico como elemento de entrada | Poesía española |
| 9 (RLIN) | 631 |
| 650 #4 - PUNTO DE ACCESO ADICIONAL DE MATERIA--TÉRMINO DE MATERIA | |
| Término de materia o nombre geográfico como elemento de entrada | Literatura española |
| Subdivisión cronológica | SILO XXI |
| 9 (RLIN) | 16697 |
| 830 #0 - PUNTO DE ACCESO ADICIONAL DE SERIE-TÍTULO UNIFORME | |
| Título uniforme | San Joge |
| Designación de volumen o secuencia | vol. 38 |
| 9 (RLIN) | 16698 |
| 830 #0 - PUNTO DE ACCESO ADICIONAL DE SERIE-TÍTULO UNIFORME | |
| Título uniforme | Publicación de la Institución "Fernando el Católico" ; |
| Designación de volumen o secuencia | no. 952. |
| 9 (RLIN) | 13716 |
| 910 ## - DATOS DE OPCIÓN DEL USUARIO (OCLC) | |
| Datos de opción del usuario | Catalogación por copia / LC |
| Estado de retiro | Estado de pérdida | Restricciones de uso | No para préstamo | Código de colección | Localización permanente | Ubicación/localización actual | Ubicación en estantería | Fecha de adquisición | Número de inventario | Total de préstamos | Signatura topográfica completa | Código de barras | Fecha visto por última vez | Precio válido a partir de | Tipo de ítem Koha |
|---|---|---|---|---|---|---|---|---|---|---|---|---|---|---|---|
| Préstamo interno | Monografías: Libros y Folletos | General | General | En catalogación | 24.08.2009 | LF1 | 861.64 H816p | 5918-10 | 25.06.2020 | 25.06.2020 | Préstamo interno |
